00400nam a2200133Ia 4500008004100000020002500041050002300066100001800089245004600107260005100153300002300204520002200227650001700249150610s9999 xx 000 0 und d a9780330470490 (pbk.) aPZ7b.F2968Ch 2010 aFeasey, Steve aChangelling:bblood wolf /cSteve Feasey. aLondon :bMacmillan Children's Books, c2010. a299pages ;c20 cm. aJuvenile fiction. xHorrortales.